000 00369nam a2200133Ia 4500
005 20260328101501.0
008 260328s9999||||xx |||||||||||||| ||und||
100 _aKusnetzov, G. F.
245 0 _aPrefabricación con hormigón armado :
_b Vivienda y Edificios Públicos /
_cG. F. Kusnetzov
260 _bLautaro
300 _a1957 p.
650 _aHORMIGÓN
942 _cBK
999 _c8950
_d8950